000
00278nam a22001217a 4500
008
170612b xxu||||| |||| 00| 0 eng d
041
_a
eng
080
_2
3 ED
_a
94(4)
100
_a
19
101
_a
SHP
245
_a
TWENTIETH CENTURY RUSSIA
_c
treadgold.d.w
942
_2
udc
_c
BK
999
_c
16821
_d
16821